Szczegóły MARC21

Mikroekonomia /

003 -Nazwa inst., której nr kontr. jest w polu 001 [,]
    • @
    • Nazwa instytucji, której n kontrolny jest w polu 001
    • NUKAT
005 -DATA I CZAS OSTATNIEJ MODYFIKACJI [,]
    • @
    • pole kontrolne
    • 20241231102352.0
020 -Międzynarod. znormalizowany nr książki - ISBN [ , ]
    • a
    • Numer ISBN
    • 8385360107 Find
040 -Instytucja sporządzająca opis [ , ]
    • a
    • Instytucja, która sporządziła opis (NP)
    • WA U/93SD
    • c
    • Instytucja, która sporządziła rekord (NP)
    • WA U/SD
942 -Rodzaj dokumentu [ , ]
    • c
    • Rodzaj dokumentu
    • Książka
245 -Strefa tytułu i oznaczenia odpowiedzialności [0,0]
    • a
    • Tytuł
    • Mikroekonomia / Find
    • c
    • Pozostałe elementy strefy tytułu i oznaczenia odpowiedzialności (NP)
    • pod red. Danuty Kopycińskiej.
250 -Strefa wydania [ , ]
    • a
    • Oznaczenie wydania (NP)
    • Wyd. 3 uzup. i zm.
260 -Strefa adresu wydawniczego [ , ]
    • a
    • Miejsce wydania (P)
    • Szczecin :
    • b
    • Nazwa wydawcy (P)
    • Danuta Kopycińska,
    • c
    • Data wydania (P)
    • 1999.
300 -Strefa opisu fizycznego [ , ]
    • a
    • Określenie formy książki i/lub objętość (NP)
    • 328 s. :
    • b
    • Oznaczenie ilustracji (NP)
    • il. ;
    • c
    • Format (NP)
    • 23 cm.
336 -Typ zawartości [ , ]
    • a
    • Termin opisujący typ zawartości
    • Tekst
    • b
    • Kod określający zawartość
    • txt
    • 2
    • Źródło (terminu i kodu)
    • rdacontent
337 -Typ mediów [ , ]
    • a
    • Tryb odtwarzania
    • Bez urządzenia pośredniczącego
    • b
    • Kod typu mediów
    • n
    • 2
    • Źródło (terminu i kodu)
    • rdamedia
338 -Typ/rodzaj nośnika [ , ]
    • a
    • Hasło opisujące typ nośnika
    • Wolumin
    • b
    • Kod typu nośnika
    • nc
    • 2
    • Źródło (terminu i kodu)
    • rdacarrier
504 -Uwaga dot. bibliogr. załącznikowej [ , ]
    • a
    • Uwaga dot. bibliografii załącznikowej
    • Bibliogr. s. 327-328.
080 -Uniwersalna Klasyfikacja Dziesiętna [ , ]
    • a
    • Symbol klasyfikacji
    • 330.101.542(075.8)
980 -Symbol UKD [ , ]
    • a
    • UKD
    • 330.101.542(075.8)
700 -Hasło dodatkowe - nazwa osobowa [1, ]
    • a
    • Nazwa osobowa (NP)
    • Kopycińska, Danuta. Find
    • e
    • Określenie rodzaju współpracy
    • Red.
    • 9
    • KHW
    • 1705
920 -ISBN [ , ]
    • a
    • ISBN
    • 83-85360-10-7 Find
Lokalizacja Data inwentaryzacji Numer inwentarzowy Status udost. Sygnatura
BE1999-12-10E.66362-2 
BE1999-12-10S.846392 
BE1999-12-10S.846402 
BE1999-12-10S.846412 
BE1999-12-10S.846422 
BE1999-12-10S.84643-6 
BE1999-12-10S.846442 
BE1999-12-10S.846452 
BE1999-12-10S.84646-6 
BE1999-12-10S.84647-6 
BE2001-11-28S.887032 
BE2002-04-08S.894322 
BE2005-11-14S.921372 
BG2000-02-25W.201377-6W.201377
BG2000-02-25W.201378-3W.201377
BG2000-02-25W.201379-3W.201377
BG2000-02-25W.201380-3W.201377
BG2000-02-25Z.952571Z.95257
T1999-11-30T.13632 
T1999-11-30T.1365-3T.1365
T1999-11-30T.1367-3T.1367
T1999-12-10T.1502-6T.1502
T2000-07-03T.2842-3T.2842
T2000-07-03T.2843-3T.2843
T2000-07-03T.2844-3T.2844
T2000-07-03T.2846-3T.2846
T2000-07-03T.2847-6T.2847
T2001-11-28T.5982-3T.5982
T1999-12-10T.1503-6T.1503
T1999-11-30T.1364-6T.1364
T1999-11-30T.1366-6T.1366
T2000-07-03T.2845-6T.2845
T1999-12-10T.1501-6T.1501
T1999-12-10T.1504-6T.1504
T1999-12-10T.1505-6T.1505
T2004-06-29TM.2439-6TM.2439